Statistics for Biggest Cities in the Spanish Empire on a Map

Click here to take the quiz!

General Stats

  • This quiz has been taken 554 times
    (338 since last reset)
  • The average score is 56 of 78

Answers on the Map

Answers color-coded by a green-red scale on the quiz's map according to % correct below.
 

Answer Stats

PopulationCity% Correct
6,800,000Madrid
97%
24,700,000Mexico City
96%
4,900,000Barcelona
94%
17,500,000Los Angeles
94%
2,500,000Amsterdam
93%
16,800,000Buenos Aires
92%
6,300,000Miami
92%
7,800,000San Francisco
92%
8,000,000Santiago
92%
26,400,000Manila
91%
11,400,000Lima
90%
6,150,000Milan
90%
4,125,000Naples
90%
2,775,000Tunis
90%
10,000,000Bogotá
89%
2,725,000Brussels
88%
7,350,000Dallas
88%
2,225,000Havana
88%
4,100,000Algiers
87%
3,800,000Caracas
87%
6,850,000Houston
86%
2,825,000Quito
85%
3,275,000San Diego
85%
1,590,000Panama City
84%
1,880,000Valencia
84%
2,050,000Valencia de Carabobo
84%
2,075,000Austin
83%
2,300,000Las Vegas
83%
4,725,000Phoenix
83%
3,250,000Guatemala City
82%
2,175,000La Paz
82%
3,575,000Orlando
82%
1,300,000Seville
82%
2,400,000San José
81%
1,870,000Montevideo
80%
3,300,000Rotterdam
80%
4,450,000Tampa
79%
3,875,000Denver
78%
3,425,000Port-au-Prince
78%
1,910,000San Salvador
78%
4,100,000Santo Domingo
78%
2,125,000Sacramento
77%
5,650,000Guadalajara
76%
1,530,000Jacksonville
74%
2,250,000San Antonio
74%
1,990,000San Juan
74%
2,150,000Tijuana
74%
2,425,000Asunción
73%
3,250,000Minneapolis
73%
4,150,000Medellín
71%
2,375,000St. Louis
71%
5,750,000Monterrey
70%
2,575,000Salt Lake City
70%
1,380,000Managua
69%
2,050,000Kansas City
67%
2,925,000Cali
63%
1,690,000Córdoba
63%
3,250,000Guayaquil
60%
1,310,000Lille
59%
1,540,000Oran
57%
1,580,000Ciudad Juárez
54%
4,100,000Puebla
53%
2,200,000Barranquilla
52%
2,825,000Cebu
52%
1,390,000Rosario
52%
2,250,000Santa Cruz
52%
2,700,000Maracaibo
50%
2,200,000León
43%
1,590,000Davao
41%
1,400,000Cochabamba
33%
2,600,000Toluca
32%
1,340,000San Luis Potosí
31%
1,540,000Angeles
30%
1,590,000Santiago de Querétaro
28%
1,300,000Bucaramanga
27%
1,320,000Barquisimeto
26%
1,390,000Torreón
25%
1,440,000Maracay
24%

Score Distribution

Percentile by Number Answered

Percent of People with Each Score

Your Score History

You have not taken this quiz since the last reset